Statistics for Countries Where The Largest City Is Not The Capital City

Click here to take the quiz!

General Stats

  • This quiz has been taken 72 times
  • The average score is 49 of 111

Answer Stats

HintAnswer% Correct
CountryAustralia
96%
CountryUnited States
96%
Largest CityNew York City
93%
Largest CitySydney
93%
CapitalCanberra
91%
CountryChina
91%
CapitalWashington
91%
CountryCanada
89%
CountryBrazil
85%
CapitalBeijing
84%
Largest CityToronto
84%
CountryTurkey
82%
CapitalBrasília
80%
CapitalOttawa
80%
Largest CitySchaan
80%
CapitalAnkara
78%
Largest CityIstanbul
78%
CountryNew Zealand
78%
Largest CitySão Paulo
78%
CountrySouth Africa
78%
CountryPakistan
75%
Largest CityAuckland
73%
CapitalBloemfontein / Pretoria / Cape Town
73%
CountryIndia
73%
CapitalWellington
73%
Largest CityJohannesburg
71%
CountryNigeria
71%
Largest CityShanghai
71%
CountrySwitzerland
69%
CapitalIslamabad
67%
CapitalNew Delhi
67%
Largest CityLagos
65%
CountryMorocco
65%
CapitalBern
64%
CountryVietnam
64%
CapitalHanoi
62%
Largest CityHo Chi Minh City
62%
Largest CityKarachi
62%
Largest CityMumbai
62%
Largest CityZürich
62%
CapitalAbuja
60%
CapitalRabat
58%
Largest CityCasablanca
56%
CountryUnited Arab Emirates
53%
Largest CityDubai
49%
CountryBolivia
45%
CountryKazakhstan
45%
CountryTanzania
45%
CapitalAbu Dhabi
44%
CountryEcuador
44%
CountryMyanmar
44%
CapitalAstana
42%
Largest CityDar Es Salaam
42%
CapitalLa Paz / Sucre
42%
CapitalQuito
42%
Largest CityAlmaty
36%
CountryBelize
36%
CountryCameroon
36%
Largest CityYangon
35%
CapitalYaoundé
35%
CountryCôte d'Ivoire
33%
CountryLiechtenstein
33%
CapitalDodoma
31%
Largest CityGuayaquil
31%
CountryMalta
31%
CountrySri Lanka
31%
CountrySyria
31%
CapitalVaduz
31%
Largest CityAbidjan
29%
Largest CityBelize City
27%
CapitalBelmopan
25%
CapitalDamascus
25%
Capital Naypyidaw
25%
Largest CityColombo
24%
CountryPhilippines
24%
CapitalValetta
24%
CountryBenin
22%
CapitalManila
22%
CapitalSri Jayawardenepura Kotte
22%
Largest CityDouala
20%
Capital | CountrySan Marino
20%
CountryTaiwan
20%
Capital Yamoussoukro
20%
Largest CityAleppo
18%
CountrySudan
18%
Largest CityNew Taipei
16%
CountryPalau
16%
CapitalPorto-Novo
16%
Largest CityQuezon City
16%
Largest CitySanta Cruz de la Sierra
16%
CapitalTaipei
16%
CountryFederated States of Micronesia
15%
CountryGambia
15%
CapitalKhartoum
15%
CapitalBanjul
13%
Largest CityCotonou
13%
CapitalPalikir
13%
CapitalPort of Spain
13%
CountryTrinidad and Tobago
13%
Capital Ngerulmud
9%
Largest CityBirkirkara
7%
CountryEquatorial Guinea
5%
CapitalMalabo
5%
Largest CityOmdurman
5%
Largest CitySerravalle
5%
Largest CityKoror
4%
Largest CityWeno
4%
Largest CityBata
2%
Largest CitySerekunda
2%
Largest CityChaguanas
0%

Score Distribution

Percentile by Number Answered

Percent of People with Each Score

Your Score History

You have not taken this quiz